Análisis económico del derecho privado y regulatorio (Registro nro. 4071)

Detalles MARC
000 -LEADER
fixed length control field 01119 a2200229 4500
001 - CONTROL NUMBER
control field 45942
005 - DATE AND TIME OF LATEST TRANSACTION
control field 20260407155732.0
008 - FIXED-LENGTH DATA ELEMENTS--GENERAL INFORMATION
fixed length control field 260407a2001 arg spa d
003 - CONTROL NUMBER IDENTIFIER
control field AR-UNSa-BCEJYS
040 ## - CATALOGING SOURCE
Original cataloging agency AR-UNSa-BCEJYS
Language of cataloging spa
Transcribing agency AR-UNSa-BCEJYS
080 ## - UNIVERSAL DECIMAL CLASSIFICATION NUMBER
Universal Decimal Classification number 340
Common auxiliary subdivision Derecho. Generalidades. Propedéutica. Métodos y ciencias auxiliares del derecho
020 ## - INTERNATIONAL STANDARD BOOK NUMBER
International Standard Book Number 987-507-206-0
041 ## - LANGUAGE CODE
Language code of text/sound track or separate title spa
100 1# - MAIN ENTRY--PERSONAL NAME
Personal name Coloma, Germán
245 10 - TITLE STATEMENT
Title Análisis económico del derecho privado y regulatorio
264 #1 - PRODUCTION, PUBLICATION, DISTRIBUTION, MANUFACTURE, AND COPYRIGHT NOTICE
Place of production, publication, distribution, manufacture Buenos Aires :
Name of producer, publisher, distributor, manufacturer Ciudad Argentina
Date of production, publication, distribution, manufacture, or copyright notice 2001
300 ## - PHYSICAL DESCRIPTION
Extent 306 p.
Dimensions 20 cm.
505 ## - FORMATTED CONTENTS NOTE
Formatted contents note 1. Introducción – 2. Conceptos económicos básicos – 3. Derechos de propiedad – 4. Límites de la propiedad – 5. Economía de los contratos – 6. Responsabilidad civil extracontractual – 7. Responsabilidad por incumplimiento contractual – 8. Regulación económica directa – 9. Regulación económica indirecta – 10. Conclusiones -
590 ## - LOCAL NOTE (RLIN)
Local note niveau_biblio:m niveau_hierar:0
856 41 - ELECTRONIC LOCATION AND ACCESS
Uniform Resource Identifier <a href="https://www.biblioeco.unsa.edu.ar/pmb/images/libros/L127228.jpg">https://www.biblioeco.unsa.edu.ar/pmb/images/libros/L127228.jpg</a>
Link text Imagen de portada
Electronic format type image/jpeg
942 ## - ADDED ENTRY ELEMENTS (KOHA)
Koha item type
Existencias
Withdrawn status Lost status Damaged status Not for loan Home library Current library Shelving location Date acquired Total checkouts Full call number Barcode Date last seen Price effective from Koha item type
        Biblioteca Prof. Eusebio Cleto del Rey Biblioteca Prof. Eusebio Cleto del Rey   07/04/2026   340 C718 L127228 07/04/2026 07/04/2026 Libro